000 00784cab a2200241 4500
001 X77094
008 090401t1997 xxu||||| |||| 00| 0 eng d
035 _a(Sirsi) u77094
041 _aeng
245 _aBest and others v SoS Environment and Bass Holdings Ltd and others
260 _c1997
350 _a0
490 _aNew Property Cases
_v1997 NPC 37
520 _aQBD 5 March 1997. Judicial review. PPG6. Shopping centre policy. Edge of and town centre sites. (NB NO PHOTOCOPYING ALLOWED).
650 _aBEST AND OTHERS V SOS ENVIRONMENT AND BASS HOLDINGS LTD
650 _aEDGE OF TOWN
650 _aJUDICIAL REVIEW
650 _aPLANNING POLICY GUIDANCE NOTE SIX
650 _aSHOPPING CENTRES
650 _aTOWN CENTRES
942 _n0
948 _c14/03/1997
999 _c48456
_d48456